Music Quiz

Random Music or Taylor Swift Quiz
Score 0/18 Timer 04:00
1 Play Today
% Correct
Katy Perry
97.4%
Britney Spears
96.2%
Spice Girls
89.5%
Kesha
87.7%
Avril Lavigne
80.7%
Lady Gaga
80.5%
Rihanna
72.2%
Taylor Swift
63.6%
Missy Elliott
57.7%
% Correct
Lesley Gore
57.2%
Billie Eilish
49.4%
Diana Ross
36.4%
Ariana Grande
28.3%
Barbra Streisand
26.2%
Madonna
25.8%
Cher
22.1%
Whitney Houston
20.6%
Janet Jackson
14.7%
Remove Ads.
Support Sporcle.
Get the best of Sporcle when you Go Orange. This ad-free experience offers more features, more stats, and more fun while also helping to support Sporcle. Thank you for becoming a member.

You're not logged in!

Compare scores with friends on all Sporcle quizzes.
OR
Log In

Sporcle TV

Today on Sporcle TV


Watch our educational content, quiz creation guides, and fun videos on Sporcle TV.

Show Comments

Extras

Top Quizzes Today


Score Distribution

Paid Content

Your Account Isn't Verified!

In order to create a playlist on Sporcle, you need to verify the email address you used during registration. Go to your Sporcle Settings to finish the process.

Report this User

Report this user for behavior that violates our Community Guidelines.

Details: